000 00928nam a2200205Ia 4500
003 Ost
005 20260507075631.0
008 260507s9999||||xx |||||||||||||| ||und||
040 _cfsecg
041 _aara
082 _a658
100 _aالمليجي، عبد الهادي ابراهيم
_eمؤلف
245 0 _aاستراتيجيات وعمليات الإدارة /
_c عبد الهادي ابراهيم المليجي
260 _aالاسكندرية:
_bالمكتب الجامعي الحديث,
_c2002
300 _a358 صفحة؛
_c24 سم
504 _aالمراجع ص.349
520 _aالمدخل لدراسة الإدارة العامة ، مناهج ومداخل دراسة الإدارة العامة ، المصطلحات والمفاهيم العلمية للإدارة المنظمة ، الإدارة وظائفها وعملياتها
653 _aالإدارة العامة
942 _cكتاب
999 _c45215
_d45215